Introduction to stochastic processes

Αποθηκεύτηκε σε:
Λεπτομέρειες βιβλιογραφικής εγγραφής
Κύριος συγγραφέας: Lawler, Gregory F. 1955-
Μορφή: Βιβλίο
Γλώσσα:English
Δημοσίευση: Boca Raton, Fla. : Chapman & Hall/CRC, 2000
Σειρά:Chapman & Hall probability series
Θέματα:
Ετικέτες: Προσθήκη ετικέτας
Δεν υπάρχουν, Καταχωρήστε ετικέτα πρώτοι!

MARC

LEADER 00000nam a2200000 i 4500
001 1/15262
008 010110s2000 eng d
020 |a 041-299-511-5 
035 |l 10065327 
040 |a GR-MY-UA  |b gre  |e aacr 
041 0 |a eng 
082 0 |a 519.2 
100 1 |a Lawler, Gregory F.  |d 1955- 
245 1 0 |a Introduction to stochastic processes /  |c Gregory F. Lawler 
260 |a Boca Raton, Fla. :   |b Chapman & Hall/CRC,   |c 2000 
300 |a ix, 176 p.;  |b ill.;  |c 24 cm. 
490 1 |a Chapman & Hall probability series 
504 |a Includes index 
650 0 0 |a Stochastic processes. 
830 0 |a Chapman & Hall probability series 
852 |a INST  |b SAMOS  |e 20010110  |h 519.2 LAW  |p 005300022407  |q 005300022407  |t BK  |y 0 
901 |a BIBL3-2001-1 
909 |a Σ  |b 083999 
922 |a 3ΕΛΗ  |b 200011  |c ΤΣΑΕ/ΚΒ  |d ΜΙΧΑΛΟΠΟΥΛΟΣ 
950 |a 184-2000-09-12 
970 |a ΠΟΥΡΝΑΡΑΣ  |b ΔΗΜΗΤΡΗΣ  |z 2001/01/21